Statistics for Most Expensive Eredivisie Departures

Click here to take the quiz!

General Stats

  • This quiz has been taken 15 times
  • The average score is 10 of 22

Answer Stats

HintAnswer% Correct
AjaxAntony€100 million
100%
AjaxFrenkie de Jong€75 million
100%
AjaxMatthijs de Ligt€75 million
100%
AjaxDonny van de Beek€39 million
79%
PSVCody Gakpo€45 million
71%
AjaxHakim Ziyech€37 million
71%
AjaxLisandro Martinez€55 million
71%
PSVSteven Bergwijn€30 million
64%
PSVHirving Lozano€40 million
50%
PSVMemphis Depay€35 million
43%
PSVDonyell Malen€30 million
36%
FeyenoordLuis Sinisterra€25 million
36%
AjaxDavidson Sánchez€42 million
29%
PSVNoni Madueke€35 million
21%
PSVRuud van Nistelrooy€31 million
21%
AjaxKlaas-jan Huntelaar€27 million
14%
AjaxLuis Suarez€26.5 million
14%
AjaxWesley Sneijder€27 million
14%
AjaxDavy Klaasen€27 million
7%
PSVGeorginio Wijnaldum€20 million
7%
AZVincent Jansen€20 million
7%
AjaxArek Milik€32 million
0%

Score Distribution

Percentile by Number Answered

Percent of People with Each Score

Your Score History

You have not taken this quiz